If We Were Villains Quiz - Statistics

General Stats
  • This quiz has been taken 92 times
  • The average score is 6 of 10
Answer Stats
Questions Answer % Correct
Who is killed? Richard
95%
Who is describedas attractive? Meredith
78%
Who is the author? M. L. Rio
75%
How many of thetheatre kids are there? Seven
73%
What is the nameof the college? Dellecher
69%
Who plays male andfemale roles? Fillippa
65%
What is the play on thebeach? Macbeth
63%
Who is the maincharacter? Oliver Marks
60%
What is Oliver allergicto? Chalk
31%
Who is the cop? Joseph Colborne
20%
No matching quizzes found
Score Distribution
Percent of People with Each Score
Percentile by Number Answered
Your Score History
You have not taken this quiz